000 00835nam a2200265Ia 4500
003 GCL
008 140319s9999 xx 000 0 ara d
040 _aGCL /
_cGCL
082 0 4 _a819.9
_bج ي
100 1 _aجبران خليل جبران
245 1 0 _aيسوع ابن الانسان /
_cجبران خليل جبران
260 _a[S.N] :
_bالمكتبة الثقافية
300 _a232 ص
490 _a
650 0 4 _aالقصص العربية
650 0 4 _aالنقد
650 0 4 _aالنثر العربى
650 0 4 _aالقصص المسيحية
650 0 4 _aالادب المسيحى
650 0 4 _aجبران خليل جبران
650 0 4 _aتاريخ ونقد
650 0 4 _aالبلاغة العربية,العصر الحديث
650 0 4 _aالشعر العربى - المهجر
942 _2ddc
_cBK
999 _c39519
_d39519